000 02124nam0a2200433 4500
001 RU\NLR\bibl\914683
005 20260405095234.0
010 _a5-478-00007-8
_93000
021 _aRU
_b2006-3384
_9151
035 _a(nilc)RSL-KNO-002725367
035 _a(NLR Aleph) 001346726
090 _a895119
_c895119
100 _a20060310d2004 |||y0rusy50 ca
101 0 _arus
_atur
102 _aRU
105 _ay |||||||||
106 _ar
200 1 _aРусско-турецкий словарь
_dRusça-türkçe sözlük
_e24000 слов
_e[более 36000 слов, выражений и словосочетаний, отражающих новую русскую и турецкую лексику]
_fЮ.В. Щека
_gМГУ им. М.В. Ломоносова, Ин-т стран Азии и Африки
_ztur
210 _aМосква
_cВосток-Запад
_d2004
215 _a473 с.
_d21
225 1 _aTürkçe
300 _aАвт. также на турец. яз.: Yu.V. Şçeka
300 _aНа обл. авт. не указан
510 0 _6z20790
_aRusça-türkçe sözlük
_ztur
606 1 _aРусский язык
_xСловари
_xТурецкий язык
_91540502
_3RU\NLR\auth\66972812
610 0 _aФилологические науки. Художественная литература -- Языкознание -- Тюркские языки -- Юго-западная (огузская или туркменская) группа языков -- Турецкий язык -- Лексикография -- Параллельные словари
686 _aШ163.12-48
_2rubbk
686 _aШ141.12-481
686 _aШ163.12-482
700 1 _4070
_8rus
_7ca
_aЩека
_bЮ. В.
_gЮрий Владимирович
_3RU\NLR\auth\7735753
_918749
790 1 _4070
_8rus
_7ba
_aŠeka
_bJu. V.
_gJurij Vladimirovič
_3RU\NLR\auth\7735754
_918750
801 0 _aRU
_bRuMoRKP
_c20051013
_grcr
801 1 _aRU
_bRuMoRGB
_c20051013
801 2 _aRU
_bNLR
_c20051220
_grcr
830 _aАвт. по кн.
852 _aNLR
_jОЛСАА
942 _cBOOK
980 _aNB